Statystyki dla 15 krajów o największej liczbie zgonów Covid19 - 20 października 2021

Kliknij tutaj aby rozwiązać quiz!

Ogólne statystyki

  • Ten quiz został rozwiązany 24 razy
  • Średni wynik to 13 z 25

Statystyki odpowiedzi

kraj% Poprawnych
Stany Zjednoczone
100%
Niemcy
95%
Rosja
90%
Wielka Brytania
90%
Francja
86%
Indie
81%
Włochy
81%
Meksyk
76%
Brazylia
71%
Argentyna
57%
Czechy
57%
Kolumbia
38%
Indonezja
33%
Republika
Południowej Afryki
33%
Słowenia
33%
Węgry
33%
Bułgaria
29%
Iran
29%
Peru
29%
Rumunia
29%
Słowacja
29%
Macedonia Północna
19%
Bośnia i Hercegowina
14%
Gruzja
10%
Paragwaj
10%

Rozkład punktacji

Percentyl według liczby udzielonych odpowiedzi

Procent ludzi z każdym wynikiem

Twoja historia wyników

Nie rozwiązałeś tego quizu